| 000 | 00628nam a22001817a 4500 | ||
|---|---|---|---|
| 008 | 160413b xxu||||| |||| 00| 0 eng d | ||
| 020 | _a978-9-71233059-9 | ||
| 082 |
_22009 _aDFil 336.24 _bD34l |
||
| 100 |
_95409 _aDe Leon, Hector S. |
||
| 245 |
_aThe law on income taxation: _bwith illustrations, problems, and solutions/ _cby Hector S. De Leon and Hector M. De Leon, Jr. |
||
| 250 | _a13th Edition | ||
| 260 |
_aManila: _bRex Book Store, _cc2009. |
||
| 300 |
_axxiii, 606 pages; _c23 cm. |
||
| 650 | 0 |
_95410 _aIncome tax |
|
| 700 |
_95411 _aDe Leon, Hector M. _eAuthor |
||
| 365 |
_b1, 017.50 _cPhp |
||
| 942 |
_2ddc _cDFIL |
||
| 999 |
_c1708 _d1708 |
||